ASTROWORLD Tracklisting - Statistics

General Stats
  • This quiz has been taken 18 times
  • The average score is 15 of 17
Answers on the Grid
Answers color-coded by a green-red scale on the quiz's grid according to % correct below.
WAKE UP
GOD'S COUNTRY
FEIN
CAROUSEL
COFFEE BEAN
GATTI
MELTDOWN
BUTTERFLY EFFECT
JACKBOYS
QUINTANA
BACC
CAN'T SAY
GANG GANG
LOOOVE
WHO? WHAT!
NC-17
OUT WEST
STARGAZING
ASTROTHUNDER
PARASAIL
HOUSTONFORNICATION
R.I.P. SCREW
STOP TRYING TO BE GOD
HYAENAS
THANK GOD
YOSEMITE
5% TINT
SICKO MODE
NO BYSTANDERS
SKELETONS
 
Answer Stats
Answer % Correct
BUTTERFLY EFFECT
100%
CAROUSEL
100%
5% TINT
93%
SICKO MODE
93%
STARGAZING
93%
WAKE UP
93%
ASTROTHUNDER
87%
CAN'T SAY
87%
COFFEE BEAN
87%
NC-17
87%
NO BYSTANDERS
87%
R.I.P. SCREW
87%
SKELETONS
87%
STOP TRYING TO BE GOD
87%
HOUSTONFORNICATION
80%
WHO? WHAT!
80%
YOSEMITE
80%
No matching quizzes found
Score Distribution
Percent of People with Each Score
Percentile by Number Answered
Your Score History
You have not taken this quiz